Rural empowerment : (Record no. 123002)
[ view plain ]
| 000 -LEADER | |
|---|---|
| fixed length control field | 00977nam a22002657a 4500 |
| 005 - DATE AND TIME OF LATEST TRANSACTION | |
| control field | 20170124105919.0 |
| 010 ## - LIBRARY OF CONGRESS CONTROL NUMBER | |
| LC control number | B-159177 |
| 020 ## - INTERNATIONAL STANDARD BOOK NUMBER | |
| Terms of availability | 750.00 |
| International Standard Book Number | 9788176295642 |
| 035 ## - SYSTEM CONTROL NUMBER | |
| System control number | B-159177 |
| 037 ## - SOURCE OF ACQUISITION | |
| Source of stock number/acquisition | Cen Lib/Ret |
| 040 ## - CATALOGING SOURCE | |
| Original cataloging agency | DPL |
| Language of cataloging | EN |
| 082 ## - DEWEY DECIMAL CLASSIFICATION NUMBER | |
| Classification number | 307.72 |
| Edition number | RUR |
| 245 ## - TITLE STATEMENT | |
| Title | Rural empowerment : |
| Statement of responsibility, etc | edited by S.B. Verma [and] Yaswant Tukaram Pawar |
| Remainder of title | through SHGs, NGOs and PRIs / |
| 260 ## - PUBLICATION, DISTRIBUTION, ETC. (IMPRINT) | |
| Place of publication, distribution, etc | New Delhi |
| Name of publisher, distributor, etc | Deep and Deep Publications |
| Date of publication, distribution, etc | 2005 |
| 270 ## - ADDRESS | |
| Address | F-159, Rajouri Garden |
| City | New Delhi |
| Postal code | 110027 |
| 300 ## - PHYSICAL DESCRIPTION | |
| Extent | xiv, 350p. |
| Dimensions | 22cm(Hb) |
| 500 ## - GENERAL NOTE | |
| General note | Includes bibliographical references and index |
| 650 ## - SUBJECT ADDED ENTRY--TOPICAL TERM | |
| Topical term or geographic name as entry element | Non-Government Organisation |
| 9 (RLIN) | 3585 |
| 650 ## - SUBJECT ADDED ENTRY--TOPICAL TERM | |
| Topical term or geographic name as entry element | Panchayati Raj-institutions |
| 9 (RLIN) | 3586 |
| 650 ## - SUBJECT ADDED ENTRY--TOPICAL TERM | |
| Topical term or geographic name as entry element | गैर-सरकारी संगठन |
| 9 (RLIN) | 3587 |
| 650 ## - SUBJECT ADDED ENTRY--TOPICAL TERM | |
| Topical term or geographic name as entry element | पंचायती राज-संस्थानों |
| 9 (RLIN) | 3588 |
| 700 ## - ADDED ENTRY--PERSONAL NAME | |
| Personal name | Verma, S.B. |
| 9 (RLIN) | 3589 |
| 700 ## - ADDED ENTRY--PERSONAL NAME | |
| Personal name | Pawar, Yaswant Tukaram |
| 9 (RLIN) | 3590 |
| 942 ## - ADDED ENTRY ELEMENTS (KOHA) | |
| Source of classification or shelving scheme | Dewey Decimal Classification |
| Koha item type | English Books |
| Classification part | 307.72 |
| Call number suffix | RUR |
| Withdrawn status | Lost status | Damaged status | Not for loan | Home library | Current library | Date acquired | Source of acquisition | Cost, normal purchase price | Total Checkouts | Full call number | Barcode | Date last seen | Copy number | Cost, replacement price | Price effective from | Koha item type | Public note | Total Renewals | Date checked out |
|---|---|---|---|---|---|---|---|---|---|---|---|---|---|---|---|---|---|---|---|
| Written off | Central Library | Central Library | 01/06/2015 | Cen Lib/Ret | 750.00 | 307.72 RUR | B-159177 | 01/06/2015 | 1 | 750.00 | 01/06/2015 | English Books | Written off on approval by DLB (By Circulation); dtd 15-06-2023 | ||||||
| Central Library | Central Library | 22/06/2015 | Cen Lib/Ret | 750.00 | 1 | 307.1412 RUR | B-223573 | 17/07/2023 | 1 | 750.00 | 15/09/2016 | English Books | 2 | 05/06/2023 |
